| 000 | 00898nam a2200181Ia 4500 | ||
|---|---|---|---|
| 008 | 100920s9999 xx 000 0 und d | ||
| 082 |
_b10300 _a891.2 थ 56 |
||
| 100 | _aअनु.-बोरवणकर रामचंद्र गणेश / संपा.-किञ्जवडेकर रामचंद्रशास्त्री. | ||
| 245 | _aसार्थ हितोपदेश भाग पहिला-मित्रलाभ. | ||
| 260 |
_bचित्राशाळा प्रकाशन.पुण-2. _c1956 |
||
| 300 |
_a248 _bसाधी |
||
| 365 | _b2.5 | ||
| 520 | _aसंस्कृत. | ||
| 630 | _aसार्थ हितोपदेश भाग पहिला-मित्रलाभ. | ||
| 650 | _aसंस्कृत. | ||
| 730 | _aसार्थ हितोपदेश भाग पहिला-मित्रलाभ. | ||
| 942 | _cBOOK | ||
| 999 |
_c676773 _d676770 |
||